El Ratón Feroz vuelve al ataque /

Guardado en:
Autor Principal: Montes, Graciela.
Otros Autores: Torres, Elena; il.
Formato: Libro
Idioma:Undetermined
Publicado: Buenos Aires : Libros del Quirquincho, 1993.
Edición:4a ed.
Series:La ratona cuentacuentos
Materias:
Etiquetas: Agregar Etiqueta
Sin Etiquetas, Sea el primero en etiquetar este registro!
LEADER 00670nam a22002055a 4500
001 CEM.cems024329
008 241001s1993####ag############000#0#und#d
005 20241001150513.0
245 1 0 |a El Ratón Feroz vuelve al ataque /  |c Graciela Montes ; dibujos de Elena Torres. 
250 |a 4a ed. 
260 |a Buenos Aires :  |b Libros del Quirquincho,  |c 1993. 
300 |a 32 p. 
490 1 |a La ratona cuentacuentos 
020 |a 9509732427 
100 1 |a Montes, Graciela. 
700 1 |a Torres, Elena; il. 
653 |a Literatura argentina 
653 |a Narrativa argentina 
653 |a Literatura infantil 
859 |a CEMS  |b BIB. CEMS - Inicial y Primaria  |h A863.4  |i M764-8a4  |k IP  |p 1127  |t Ej.1